| 000 | 00602nam a22001457a 4500 | ||
|---|---|---|---|
| 003 | OSt | ||
| 005 | 20170105102931.0 | ||
| 008 | 140529b xxu||||| |||| 00| 0 eng d | ||
| 040 | _a1 | ||
| 245 |
_aDialogue in Nigeria _b2nd International Conference on Youth & interfaith Communication Jos, Nigeria~October 22-24, 2010 |
||
| 260 |
_aNigeria _c2010 |
||
| 300 | _a65 M | ||
| 520 | _aTwo hundred courageous Muslim and Christian young adults met in face-to- face dialogue. Listening to learn. They discovered their equal humanity and that “an enemy is one whose story we have not heard”. | ||
| 942 |
_2ddc _cCF |
||
| 999 |
_c16073 _d16073 |
||